[Event "X Festival A"]
[Site "Campobasso ITA"]
[Date "2003.07.13"]
[Round "5"]
[White "Gagliardi, Pietro"]
[Black "Shytaj, Luca"]
[Result "1/2-1/2"]
[WhiteElo "2194"]
[BlackElo "2336"]
[PlyCount "79"]
[EventDate "2003.07.11"]

1. e4 c5 2. Nf3 d6 3. d4 cxd4 4. Nxd4 Nf6 5. Nc3 a6 6. a4 e5 7. Nb3 Be7 8. Be2
O-O 9. O-O Be6 10. Be3 Qc7 11. Nd5 Nxd5 12. exd5 Bf5 13. c4 Nd7 14. Qd2 Bg6 15.
Rfd1 Rfd8 16. Na5 f5 17. f3 f4 18. Bf2 e4 19. fxe4 Nf6 20. Bf3 Bxe4 21. b4 Bxf3
22. gxf3 Nd7 23. Bd4 Rf8 24. Rac1 Rae8 25. Nb3 Rf5 26. Re1 Qd8 27. Qd3 Rh5 28.
Rc2 Bf8 29. Rxe8 Qxe8 30. Re2 Qf7 31. Qe4 b5 32. cxb5 axb5 33. a5 Nb8 34. Qe6
Rxd5 35. Qxf7+ Kxf7 36. Rc2 Na6 37. Rc6 Nxb4 38. Rb6 Ke6 39. a6 Nxa6 40. Rxa6
1/2-1/2

[Event "X Festival A"]
[Site "Campobasso ITA"]
[Date "2003.07.13"]
[Round "5"]
[White "Georgiev, Krum I."]
[Black "Shytaj, Carlo"]
[Result "1-0"]
[WhiteElo "2456"]
[BlackElo "2150"]
[PlyCount "133"]
[EventDate "2003.07.11"]

1. e4 d6 2. d4 Nf6 3. Nc3 g6 4. f3 c6 5. Be3 Qb6 6. Qc1 Bg7 7. h4 Na6 8. Nge2
Bd7 9. g4 h5 10. g5 Nh7 11. Bg2 c5 12. Nd5 Qd8 13. Qd2 b5 14. f4 e6 15. Ndc3 b4
16. Nd1 Rc8 17. a3 Qa5 18. O-O c4 19. Qc1 b3 20. Ndc3 Nc7 21. cxb3 cxb3 22. Qd1
Qb6 23. a4 O-O 24. Ra3 Rb8 25. Nc1 a5 26. Qd2 Qa6 27. Rxb3 Rb4 28. Rxb4 axb4
29. N3a2 Qxa4 30. Qxb4 Qxb4 31. Nxb4 Rb8 32. Ncd3 Nb5 33. e5 Bf8 34. Rc1 d5 35.
Na6 Rb6 36. Nac5 Be8 37. Ra1 Rb8 38. Kf2 Be7 39. Ke2 Nf8 40. Kd2 Nd7 41. Bf1
Kf8 42. Be2 Nb6 43. b3 Bc6 44. Nb4 Be8 45. Nba6 Ra8 46. Kc2 Nc7 47. Kb2 Nxa6
48. Nxa6 Bc6 49. Bd2 Bb7 50. Bb5 Nc8 51. Ra5 Bd8 52. Bb4+ Kg8 53. Ra4 Na7 54.
Nc5 Nxb5 55. Nxb7 Rb8 56. Nxd8 Rxd8 57. Bc5 Rb8 58. Ra6 Kg7 59. b4 Nxd4 60.
Bxd4 Rxb4+ 61. Kc3 Rb1 62. Ra8 Rf1 63. Bc5 Rc1+ 64. Kb4 Rb1+ 65. Ka4 Ra1+ 66.
Ba3 Rf1 67. Kb5 1-0

[Event "X Festival A"]
[Site "Campobasso ITA"]
[Date "2003.07.13"]
[Round "5"]
[White "Lettieri, Giuseppe"]
[Black "Mihalinec, Damir"]
[Result "1/2-1/2"]
[WhiteElo "1894"]
[BlackElo "2207"]
[PlyCount "128"]
[EventDate "2003.07.11"]

1. e4 c5 2. c3 b6 3. d4 Bb7 4. Bd3 cxd4 5. cxd4 Nc6 6. Nf3 Nb4 7. Nc3 Nxd3+ 8.
Qxd3 e6 9. O-O Nf6 10. d5 Bb4 11. Bg5 h6 12. Bxf6 Qxf6 13. e5 Qf4 14. Ne2 Qg4
15. h3 Qf5 16. Qxf5 exf5 17. Rfd1 O-O 18. Rac1 Rfc8 19. a3 Bf8 20. Nc3 g6 21.
Nd4 Rc5 22. Nb3 Rc4 23. Nd2 Rc7 24. Nce4 Rxc1 25. Nf6+ Kg7 26. Rxc1 d6 27. f4
dxe5 28. fxe5 Bc5+ 29. Kh1 Rd8 30. Nf3 Be3 31. Rc7 Bxd5 32. Nxd5 Rxd5 33. Rxa7
Bf4 34. Kg1 Bxe5 35. Nxe5 Rxe5 36. a4 Re2 37. b4 Rb2 38. b5 Rb4 39. Ra6 g5 40.
Kf2 h5 41. Rxb6 Rxa4 42. Rb8 Rb4 43. b6 f4 44. b7 g4 45. hxg4 hxg4 46. Rc8 Rxb7
47. Rc4 Rb2+ 48. Kf1 Rb1+ 49. Ke2 f5 50. Rxf4 Kf6 51. g3 Rb3 52. Kf2 Ke5 53.
Ra4 Rf3+ 54. Kg2 Rd3 55. Rf4 Re3 56. Rf2 Re1 57. Rf4 Re4 58. Rf2 Kf6 59. Ra2
Rd4 60. Rb2 Ke5 61. Rf2 Rd5 62. Rf4 Rd2+ 63. Kg1 Rd1+ 64. Kg2 Rd2+ 1/2-1/2

[Event "X Festival A"]
[Site "Campobasso ITA"]
[Date "2003.07.13"]
[Round "5"]
[White "Mishin, Alexei"]
[Black "Gerardi, Saverio"]
[Result "1-0"]
[WhiteElo "2341"]
[BlackElo "2138"]
[PlyCount "111"]
[EventDate "2003.07.11"]

1. d4 d5 2. c4 e6 3. Nc3 Nf6 4. Bg5 Be7 5. e3 Nbd7 6. Nf3 c6 7. Rc1 O-O 8. Bd3
dxc4 9. Bxc4 Nd5 10. Bxe7 Qxe7 11. Ne4 f5 12. Nc3 Kh8 13. O-O g5 14. Ne5 Nxe5
15. dxe5 Qg7 16. Bxd5 cxd5 17. f4 Bd7 18. Rf2 Rfc8 19. Rfc2 gxf4 20. exf4 Rc4
21. Ne2 Rg8 22. Nd4 Rb4 23. Qd2 Rb6 24. Rc7 Qe7 25. a3 Qd8 26. b4 Rg6 27. R7c5
a6 28. Nxf5 exf5 29. Rxd5 Rg7 30. Rd1 Rbg6 31. Rxd7 Rxg2+ 32. Qxg2 Rxd7 33.
Rxd7 Qxd7 34. Qf3 Qd2 35. h3 h6 36. Kf1 Qh2 37. Qe3 Qh1+ 38. Ke2 Qg2+ 39. Kd3
Qb2 40. Kc4 Qc2+ 41. Kd4 Kg7 42. e6 Qc6 43. Qe5+ Kg6 44. e7 Qd7+ 45. Ke3 Kf7
46. e8=Q+ Qxe8 47. Qxe8+ Kxe8 48. Kd4 Kf7 49. Ke5 Kg6 50. a4 b6 51. b5 a5 52.
Ke6 Kh5 53. Kxf5 Kh4 54. Kg6 Kxh3 55. f5 Kg4 56. f6 1-0

[Event "X Festival A"]
[Site "Campobasso ITA"]
[Date "2003.07.13"]
[Round "5"]
[White "Pinto, Gaetano"]
[Black "Grimaldi, Pasquale"]
[Result "1/2-1/2"]
[WhiteElo "1735"]
[BlackElo "1723"]
[PlyCount "119"]
[EventDate "2003.07.11"]

1. d4 Nf6 2. Nf3 e6 3. Bg5 Be7 4. e3 d5 5. Nbd2 O-O 6. Bd3 Nbd7 7. Ne5 c5 8. c3
cxd4 9. exd4 h6 10. Bh4 Nxe5 11. dxe5 Nd7 12. Bg3 Nc5 13. Bc2 b6 14. b4 Nd7 15.
Nf3 Ba6 16. Nd4 Qc7 17. b5 Qxc3+ 18. Ke2 Bb7 19. Rc1 Qa3 20. Bb1 Nc5 21. Rxc5
Qxc5 22. Qd3 Qc4 23. Rc1 Qxd3+ 24. Bxd3 Rfc8 25. Nc6 Bxc6 26. bxc6 Bc5 27. Ba6
Rc7 28. Bb7 Rd8 29. Kd3 g5 30. f3 Kg7 31. Be1 Kg6 32. g4 Rh8 33. a4 h5 34. Bg3
hxg4 35. fxg4 Rh3 36. Ke2 Rh8 37. a5 Rd8 38. Kd3 Rh8 39. a6 Rhc8 40. Rh1 Rxc6
41. h4 Be7 42. h5+ Kg7 43. Bxc6 Rxc6 44. h6+ Kg6 45. h7 Rc8 46. Rc1 Bc5 47. Be1
Kxh7 48. Bd2 Kg6 49. Rh1 Be7 50. Be3 Bc5 51. Bd2 Rc6 52. Rh8 b5 53. Rg8+ Kh7
54. Rxg5 Rxa6 55. Rh5+ Kg8 56. Bg5 Ra3+ 57. Ke2 Bf8 58. Bf6 Bg7 59. g5 Bxf6 60.
gxf6 1/2-1/2

[Event "X Festival A"]
[Site "Campobasso ITA"]
[Date "2003.07.13"]
[Round "5"]
[White "Pizzuto, Samuele Tullio"]
[Black "Rossi, Aldo A."]
[Result "0-1"]
[WhiteElo "2136"]
[BlackElo "1839"]
[PlyCount "46"]
[EventDate "2003.07.11"]

1. e4 c5 2. Nc3 Nc6 3. Bb5 g6 4. Nf3 Bg7 5. O-O e5 6. Nd5 a6 7. Be2 Nge7 8. c4
O-O 9. d3 d6 10. Rb1 a5 11. Ne1 Nxd5 12. cxd5 Nd4 13. f4 f5 14. fxe5 Bxe5 15.
Nf3 Nxf3+ 16. Rxf3 f4 17. Bd2 Bg4 18. Rf1 f3 19. gxf3 Bxh2+ 20. Kg2 Qh4 21.
fxg4 Bg3 22. Bf4 Qh2+ 23. Kf3 Bxf4 0-1

[Event "X Festival A"]
[Site "Campobasso ITA"]
[Date "2003.07.13"]
[Round "5"]
[White "Vincenzi, Marco"]
[Black "Gonzini, Gianmaria"]
[Result "1-0"]
[WhiteElo "2004"]
[BlackElo "1726"]
[PlyCount "98"]
[EventDate "2003.07.11"]

1. e4 d5 2. exd5 Qxd5 3. Nc3 Qd6 4. d4 c6 5. Nf3 Bg4 6. Be2 Bxf3 7. Bxf3 e6 8.
O-O Nf6 9. g3 Be7 10. Bf4 Qd8 11. Qe2 O-O 12. Rad1 Nbd7 13. Rfe1 Re8 14. Bg5
Qa5 15. Bd2 Qc7 16. Qc4 Nb6 17. Qb3 Rad8 18. Bf4 Bd6 19. Bxd6 Rxd6 20. Ne4 Nxe4
21. Bxe4 Red8 22. c3 Nd7 23. Bf3 Nf6 24. h4 h5 25. Qc2 g6 26. Qc1 Kg7 27. Re5
Rh8 28. Rde1 Qd8 29. a3 Nd5 30. Qc2 Qf6 31. Bg2 Rhd8 32. Qa4 a6 33. Qa5 R8d7
34. f4 Qd8 35. Qc5 Qb6 36. Rxd5 Qxc5 37. Rxc5 f6 38. a4 Rc7 39. a5 Rcd7 40. Rc4
Kf7 41. Rb4 Ke7 42. Rb6 Kd8 43. Be4 Rg7 44. Bd3 g5 45. fxg5 fxg5 46. hxg5 Rxg5
47. Kf2 e5 48. Re3 exd4 49. cxd4 Rxd4 1-0

[Event "X Festival A"]
[Site "Campobasso ITA"]
[Date "2003.07.13"]
[Round "5"]
[White "Zimina, Olga"]
[Black "Zelcic, Robert"]
[Result "1/2-1/2"]
[WhiteElo "2367"]
[BlackElo "2543"]
[PlyCount "95"]
[EventDate "2003.07.11"]

1. e4 c6 2. d4 d5 3. Nd2 dxe4 4. Nxe4 Bf5 5. Ng3 Bg6 6. h4 h6 7. Nf3 e6 8. h5
Bh7 9. Bd3 Bxd3 10. Qxd3 Bb4+ 11. c3 Be7 12. Bf4 Nf6 13. O-O-O Nbd7 14. Kb1 O-O
15. Ne4 c5 16. dxc5 Nxe4 17. Qxe4 Qc8 18. c6 bxc6 19. Ne5 Nxe5 20. Bxe5 Rd8 21.
Qg4 Bf8 22. Rxd8 Qxd8 23. Rd1 Qa5 24. Bf4 Rd8 25. Rxd8 Qxd8 26. Qf3 Qf6 27. Qe4
Qh4 28. Qf3 Bc5 29. Be3 Bxe3 30. fxe3 Qc4 31. Kc2 Qa4+ 32. Kc1 f5 33. a3 c5 34.
Qb7 Qc4 35. Qxa7 Qf1+ 36. Kc2 Qxg2+ 37. Kb3 Qd5+ 38. Kc2 Qe4+ 39. Kd2 Qg2+ 40.
Kd3 Qd5+ 41. Kc2 e5 42. Qe7 Qg2+ 43. Kb3 Qd5+ 44. Kc2 Kh7 45. Qe8 Qg2+ 46. Kd1
Qf3+ 47. Kd2 Qf2+ 48. Kd1 1/2-1/2

[Event "X Festival A"]
[Site "Campobasso ITA"]
[Date "2003.07.13"]
[Round "6"]
[White "Benincasa, Marco"]
[Black "Farina, Saverio"]
[Result "1-0"]
[WhiteElo "1989"]
[BlackElo "2123"]
[PlyCount "103"]
[EventDate "2003.07.11"]

1. e4 e6 2. d4 d5 3. Nc3 Bb4 4. e5 c5 5. Bd2 Ne7 6. a3 Bxc3 7. bxc3 Qc7 8. Nf3
Bd7 9. Bd3 c4 10. Be2 Nbc6 11. O-O f6 12. Bf4 Ng6 13. Bg3 f5 14. Qd2 O-O-O 15.
Ng5 Rdf8 16. Bh5 f4 17. Bxg6 fxg3 18. Nxh7 gxh2+ 19. Kh1 Rd8 20. Ng5 Rh6 21.
Bf7 Rdh8 22. f4 Nd8 23. f5 exf5 24. Bxd5 Rf8 25. Ne4 Be6 26. Nd6+ Kb8 27. Bf3
b6 28. a4 Nc6 29. a5 Bc8 30. axb6 axb6 31. Nxc4 Bb7 32. Nd6 Rxd6 33. exd6 Qxd6
34. Rae1 Ba6 35. Be2 Bb7 36. Qf4 Qxf4 37. Rxf4 g5 38. Rff1 Kc7 39. Bf3 Ba6 40.
Rf2 Kd6 41. Bxc6 Kxc6 42. Re5 g4 43. Rfxf5 Rb8 44. Rh5 Rf8 45. Kxh2 Rf2 46.
Rh6+ Kd7 47. Rg5 Ke7 48. Rxb6 Bf1 49. Rxg4 Rxc2 50. Rg3 Bc4 51. Rg7+ Kf8 52.
Rc7 1-0

[Event "X Festival A"]
[Site "Campobasso ITA"]
[Date "2003.07.13"]
[Round "6"]
[White "Ciampi, Vincenzo"]
[Black "Passerotti, Pierluigi"]
[Result "0-1"]
[WhiteElo "2120"]
[BlackElo "2287"]
[PlyCount "64"]
[EventDate "2003.07.11"]

1. c4 f5 2. Nc3 Nf6 3. d4 d6 4. Bg5 Nbd7 5. Nh3 h6 6. Bc1 e5 7. e3 g6 8. b3 c6
9. dxe5 dxe5 10. Bb2 Bc5 11. Qc2 Qe7 12. O-O-O Nb6 13. Kb1 Be6 14. Ng1 Bf7 15.
Nf3 Nfd7 16. Na4 Nxa4 17. Rxd7 Kxd7 18. Nxe5+ Kc7 19. bxa4 Rhe8 20. Nd3 Rad8
21. a5 a6 22. Qb3 Qe4 23. Ka1 Qxc4 24. Bf6 Be7 25. Qxc4 Bxf6+ 26. Qd4 Bxd4+ 27.
exd4 Rxd4 28. Kb2 Ra4 29. a3 Rxa5 30. f4 Bc4 31. Ne5 Bxf1 32. Rxf1 Raxe5 0-1

[Event "X Festival A"]
[Site "Campobasso ITA"]
[Date "2003.07.13"]
[Round "6"]
[White "Decataldo, Alba"]
[Black "Di Lascio, Savino"]
[Result "0-1"]
[WhiteElo "1794"]
[BlackElo "2117"]
[PlyCount "62"]
[EventDate "2003.07.11"]

1. e4 c6 2. d4 d5 3. exd5 cxd5 4. c4 Nc6 5. Nf3 Nf6 6. Nc3 g6 7. Bf4 Bg7 8. Be2
O-O 9. O-O b6 10. Rc1 Bb7 11. Re1 Rc8 12. cxd5 Nxd5 13. Nxd5 Qxd5 14. Bc4 Qf5
15. Be3 Na5 16. Be2 Rxc1 17. Bxc1 Rd8 18. Qa4 Bc6 19. Qb4 Bf6 20. Be3 g5 21.
Qc3 Rc8 22. Qd2 Bxf3 23. Bxf3 Rc2 24. Qb4 Nc4 25. Be2 a5 26. Qb3 Rxe2 27. Rf1
Nd2 28. Bxd2 Rxd2 29. Qxb6 Bxd4 30. Qb8+ Kg7 31. Qg3 Rxf2 0-1

[Event "X Festival A"]
[Site "Campobasso ITA"]
[Date "2003.07.13"]
[Round "6"]
[White "Della Corte, Alessandro"]
[Black "Cordi', Domenico"]
[Result "1-0"]
[WhiteElo "2096"]
[BlackElo "1992"]
[PlyCount "47"]
[EventDate "2003.07.11"]

1. e4 c5 2. Nf3 d6 3. d4 cxd4 4. Qxd4 a6 5. c4 Nc6 6. Qd3 g6 7. h3 Bg7 8. Nc3
Nf6 9. Be3 O-O 10. Be2 Be6 11. O-O Nd7 12. Ng5 Nce5 13. Nxe6 fxe6 14. Qd2 Rc8
15. b3 b5 16. f4 b4 17. Na4 Nc6 18. Rad1 e5 19. Bg4 Rc7 20. Bxd7 Qxd7 21. Nc5
Qc8 22. Qd5+ Rf7 23. Ne6 Nd8 24. Nxc7 1-0

[Event "X Festival A"]
[Site "Campobasso ITA"]
[Date "2003.07.13"]
[Round "6"]
[White "Di Martino, Antonio"]
[Black "De Rosa, Mariagrazia"]
[Result "0-1"]
[WhiteElo "1728"]
[BlackElo "1828"]
[PlyCount "70"]
[EventDate "2003.07.11"]

1. e4 c5 2. Nf3 d6 3. d4 cxd4 4. Nxd4 Nf6 5. Nc3 a6 6. Bg5 e6 7. f4 Qc7 8. Qf3
Nc6 9. O-O-O Bd7 10. f5 Be7 11. h3 O-O-O 12. Be3 Nxd4 13. Bxd4 e5 14. Be3 Bc6
15. Bd3 d5 16. exd5 Nxd5 17. Nxd5 Bxd5 18. Qf2 Qc6 19. Kb1 Bxg2 20. Rhg1 Bd5
21. Rxg7 Bf6 22. Rgg1 Kb8 23. Rc1 Rc8 24. Rg4 h5 25. Rgg1 e4 26. Be2 Bxb2 27.
Kxb2 Qc3+ 28. Kb1 Bxa2+ 29. Kxa2 Qa5+ 30. Kb2 Qb4+ 31. Ka1 Rc3 32. Bc4 Qxc4 33.
Qf4+ Ka8 34. Qd6 Rxe3 35. Qe5 Ra3+ 0-1

[Event "X Festival A"]
[Site "Campobasso ITA"]
[Date "2003.07.13"]
[Round "6"]
[White "Ferri, Stefano"]
[Black "Corso, Sergio"]
[Result "1/2-1/2"]
[WhiteElo "2069"]
[BlackElo "2149"]
[PlyCount "101"]
[EventDate "2003.07.11"]

1. c4 Nf6 2. Nc3 g6 3. e4 d6 4. d4 Bg7 5. Nf3 O-O 6. Be2 e5 7. O-O Nc6 8. d5
Ne7 9. Ne1 Nd7 10. Nd3 f5 11. f3 Nf6 12. Bd2 f4 13. c5 g5 14. g4 fxg3 15. hxg3
h6 16. Kg2 Ng6 17. Rh1 Rf7 18. Rc1 Bf8 19. Be3 Ne8 20. a4 Qf6 21. Qd2 Rh7 22.
b4 Be7 23. Nb5 a6 24. Na3 h5 25. Nc4 Bd8 26. a5 h4 27. g4 Rf7 28. cxd6 cxd6 29.
Nb6 Bxb6 30. Bxg5 Qg7 31. axb6 Qh8 32. Rh3 Bd7 33. Rch1 Rh7 34. Bxh4 Rxh4 35.
Qg5 Qg7 36. Rxh4 Nf4+ 37. Nxf4 Qxg5 38. Rh8+ Kf7 39. R1h7+ Ng7 40. Ne6 Bxe6 41.
dxe6+ Kg6 42. Rxg7+ Kxg7 43. Rxa8 Qe3 44. Kf1 Kf6 45. Rf8+ Kxe6 46. Bc4+ Ke7
47. Rf7+ Ke8 48. Bd5 Qxb6 49. Rxb7 Qe3 50. Kg2 Qd2+ 51. Kh3 1/2-1/2

[Event "X Festival A"]
[Site "Campobasso ITA"]
[Date "2003.07.13"]
[Round "6"]
[White "Fioravanti, Diego"]
[Black "Di Giulio, Massimo"]
[Result "1/2-1/2"]
[WhiteElo "1912"]
[BlackElo "1774"]
[PlyCount "62"]
[EventDate "2003.07.11"]

1. d4 Nf6 2. c4 g6 3. Nc3 Bg7 4. e4 d6 5. f4 c5 6. dxc5 Qa5 7. Bd2 Qxc5 8. Nf3
O-O 9. Bd3 Nc6 10. a3 a5 11. Na4 Qh5 12. Bc3 Bg4 13. O-O Nd7 14. Bxg7 Kxg7 15.
Qe1 Nc5 16. Qc3+ Kg8 17. Nxc5 Qxc5+ 18. Kh1 a4 19. Nd2 Nd4 20. Rae1 Bd7 21. Nf3
Nxf3 22. Rxf3 Ra6 23. e5 Bc6 24. Rg3 Rb6 25. f5 Rb3 26. Qd2 dxe5 27. Rh3 h5 28.
Qg5 e4 29. Bxe4 Rxh3 30. gxh3 Qf2 31. Qe3 Qxf5 1/2-1/2

[Event "X Festival A"]
[Site "Campobasso ITA"]
[Date "2003.07.13"]
[Round "6"]
[White "Gagliardi, Pietro"]
[Black "Ljubisavljevic, Zivojin Z."]
[Result "0-1"]
[WhiteElo "2194"]
[BlackElo "2300"]
[PlyCount "98"]
[EventDate "2003.07.11"]

1. e4 e6 2. d4 d5 3. Nd2 dxe4 4. Nxe4 Nf6 5. Nxf6+ gxf6 6. Nf3 c5 7. Be3 Qb6 8.
Qc1 Nc6 9. c3 cxd4 10. Nxd4 Bc5 11. Nb5 Bxe3 12. Qxe3 Qxe3+ 13. fxe3 Ke7 14.
O-O-O a6 15. Nd4 Bd7 16. Be2 Nxd4 17. Rxd4 Bc6 18. Bf3 e5 19. Rd2 Rad8 20. Rhd1
Rxd2 21. Rxd2 Bxf3 22. gxf3 Rg8 23. Kc2 h5 24. Kd3 h4 25. Ke2 h3 26. c4 f5 27.
Kf1 b6 28. b4 Rc8 29. Rc2 Kd6 30. Rd2+ Ke6 31. Rc2 f4 32. exf4 exf4 33. Ke2 f5
34. Kd3 Rg8 35. Re2+ Kd6 36. Kd4 Rg2 37. c5+ bxc5+ 38. bxc5+ Kd7 39. Re5 Rd2+
40. Kc4 Rxh2 41. Rxf5 Rxa2 42. Rh5 h2 43. Kd5 Rd2+ 44. Ke4 a5 45. Kxf4 a4 46.
Ke3 Rg2 47. Kd4 a3 48. Rh7+ Kc6 49. Rh6+ Kb5 0-1

[Event "X Festival A"]
[Site "Campobasso ITA"]
[Date "2003.07.13"]
[Round "6"]
[White "Gerardi, Saverio"]
[Black "Takac, Zvonko"]
[Result "0-1"]
[WhiteElo "2138"]
[BlackElo "2157"]
[PlyCount "110"]
[EventDate "2003.07.11"]

1. e4 c5 2. Nf3 d6 3. d4 cxd4 4. Nxd4 Nf6 5. Nc3 a6 6. Be2 e5 7. Nb3 Be6 8. O-O
Be7 9. f4 exf4 10. Bxf4 Nc6 11. Qe1 O-O 12. Rd1 Qc7 13. Qg3 Ne5 14. Nd4 Rad8
15. Nd5 Bxd5 16. exd5 Rfe8 17. Bxe5 dxe5 18. Nf5 Bf8 19. Nh6+ Kh8 20. Kh1 Rd6
21. Nf5 Rxd5 22. Qb3 Rxd1 23. Rxd1 g6 24. Ng3 Kg7 25. Rf1 Rd8 26. Qe3 Nd5 27.
Qg5 h6 28. Qc1 Be7 29. c3 Bg5 30. Qe1 Nf4 31. Bd1 f5 32. Bc2 Nd3 33. Qe2 e4 34.
Bb3 Nc5 35. Rd1 Rd3 36. Bc4 Rxd1+ 37. Qxd1 Qd7 38. Qxd7+ Nxd7 39. Be6 Nb6 40.
Bb3 Bc1 41. Kg1 Kf6 42. Kf1 Ke5 43. Bf7 Kf6 44. Bb3 Bxb2 45. Ne2 Ke5 46. Ke1 f4
47. Kd2 Ba3 48. Nd4 Nd5 49. Bc2 Bb2 50. Ne2 g5 51. c4 Nb4 52. Bb3 f3 53. gxf3
exf3 54. Ng3 Kf4 55. a3 Nc6 0-1

[Event "X Festival A"]
[Site "Campobasso ITA"]
[Date "2003.07.13"]
[Round "6"]
[White "Gonzini, Gianmaria"]
[Black "Fioravanti, Emidio"]
[Result "1-0"]
[WhiteElo "1726"]
[BlackElo "1813"]
[PlyCount "103"]
[EventDate "2003.07.11"]

1. Nf3 Nf6 2. e3 g6 3. b3 Bg7 4. Bb2 c5 5. Be2 d5 6. O-O O-O 7. d3 Nc6 8. Ne5
Qc7 9. Nxc6 bxc6 10. f4 Rd8 11. Be5 Qb6 12. Qc1 a5 13. a4 e6 14. Qb2 Ne8 15.
Bxg7 Nxg7 16. Qe5 f5 17. Nd2 Ra7 18. Kh1 Qc7 19. Qc3 Qb6 20. Nf3 d4 21. exd4
cxd4 22. Qe1 c5 23. Qh4 Re8 24. Ng5 h5 25. Nf3 e5 26. Nxe5 Rae7 27. Bf3 Rxe5
28. fxe5 Rxe5 29. Rae1 Rxe1 30. Rxe1 Kh7 31. Qe7 Be6 32. h3 Kg8 33. Qf6 Kh7 34.
Re2 Qd6 35. Qe5 Qf8 36. Bd5 Bxd5 37. Qxd5 f4 38. Qb7 Kh6 39. Qe7 Qc8 40. Qf7
Nf5 41. Re6 Ng3+ 42. Kh2 Nf1+ 43. Kg1 Qxe6 44. Qxe6 Ne3 45. Qd6 Kg5 46. Qxc5+
Kh4 47. Qxd4 Kg3 48. Qe4 Kh4 49. Qxf4+ Ng4 50. hxg4 g5 51. Qf2+ Kxg4 52. Qf3+
1-0

[Event "X Festival A"]
[Site "Campobasso ITA"]
[Date "2003.07.13"]
[Round "6"]
[White "Grasso, Nino"]
[Black "Fiore, Tommaso"]
[Result "1-0"]
[WhiteElo "1804"]
[BlackElo "1747"]
[PlyCount "49"]
[EventDate "2003.07.11"]

1. e4 c5 2. c3 d5 3. exd5 Qxd5 4. d4 cxd4 5. cxd4 Nc6 6. Nf3 Bg4 7. Be2 e6 8.
O-O Nf6 9. Nc3 Qd7 10. Be3 Be7 11. a3 O-O 12. Qa4 a6 13. b4 b5 14. Qb3 Bd6 15.
Rfd1 Nd5 16. Ne4 Bf4 17. Nc5 Qe7 18. Rac1 Rfc8 19. h3 Bh5 20. Rd2 f5 21. Rdc2
Qe8 22. Nxe6 Qxe6 23. Bxf4 Nce7 24. Ng5 Qg6 25. Rxc8+ 1-0

[Event "X Festival A"]
[Site "Campobasso ITA"]
[Date "2003.07.13"]
[Round "6"]
[White "Grimaldi, Pasquale"]
[Black "Pizzuto, Samuele Tullio"]
[Result "1/2-1/2"]
[WhiteElo "1723"]
[BlackElo "2136"]
[PlyCount "98"]
[EventDate "2003.07.11"]

1. Nf3 d5 2. d4 Nc6 3. e3 Bg4 4. Be2 e6 5. O-O Nf6 6. b3 Bd6 7. c4 O-O 8. c5
Be7 9. a3 a5 10. Bb2 b6 11. cxb6 cxb6 12. Nbd2 Qd6 13. h3 Bh5 14. Ne5 Bg6 15.
Nxc6 Qxc6 16. Rc1 Qd6 17. Bb5 Rfc8 18. Qe2 Bd8 19. Nf3 Bh5 20. g4 Bg6 21. Ne5
Ne4 22. Kg2 f6 23. Nxg6 hxg6 24. f4 g5 25. Bd3 Bc7 26. Bxe4 dxe4 27. Qb5 gxf4
28. Rxf4 Qd5 29. Qxd5 exd5 30. Rf5 Bd8 31. Rff1 Be7 32. a4 Bb4 33. Rxc8+ Rxc8
34. Rc1 Rxc1 35. Bxc1 Kf7 36. Kf2 Kg6 37. Kg3 f5 38. gxf5+ Kxf5 39. Kf2 Kg5 40.
Kg2 Kh4 41. Kh2 g6 42. Kg2 Kg5 43. Kf2 Kf5 44. Kg3 g5 45. Kf2 Kg6 46. Kg2 Kh5
47. Kg3 Be1+ 48. Kg2 Kh4 49. Kh2 Bb4 1/2-1/2

[Event "X Festival A"]
[Site "Campobasso ITA"]
[Date "2003.07.13"]
[Round "6"]
[White "Lettieri, Biagio"]
[Black "Pinto, Gaetano"]
[Result "1-0"]
[WhiteElo "1819"]
[BlackElo "1735"]
[PlyCount "135"]
[EventDate "2003.07.11"]

1. e4 e6 2. d4 d5 3. Nd2 dxe4 4. Nxe4 Nf6 5. Bd3 b6 6. Nxf6+ gxf6 7. Be4 c6 8.
Qd3 Bb7 9. Bf4 Bd6 10. Ne2 Qc7 11. g3 Nd7 12. O-O O-O-O 13. c4 Rhg8 14. Be3 h5
15. h4 Rg4 16. Bf3 Rdg8 17. Bxg4 Rxg4 18. f3 Rg7 19. Kg2 Bxg3 20. Kh3 c5 21.
Rg1 cxd4 22. Bxd4 e5 23. Rxg3 Rxg3+ 24. Nxg3 exd4 25. Re1 Ne5 26. Rxe5 fxe5 27.
Nxh5 Qd7+ 28. Kg3 f5 29. Kg2 e4 30. Qa3 Qf7 31. Nf4 a5 32. Qd6 Qxc4 33. Ne6
Qc2+ 34. Kg3 f4+ 35. Qxf4 exf3 36. Qf8+ Kd7 37. Qf7+ Kd6 38. Nf4 f2 39. Qf6+
Kc5 40. Qe5+ Kc4 41. Qc7+ Kb5 42. Qxc2 f1=Q 43. a4+ Ka6 44. Qe2+ Qxe2 45. Nxe2
Bc6 46. Nxd4 Bxa4 47. h5 Be8 48. h6 Bg6 49. Kf4 a4 50. Ke3 Ka5 51. Kd2 Kb4 52.
Kc1 Kc4 53. Nc6 Be4 54. Ne5+ Kb3 55. Nf7 b5 56. Ng5 Bf5 57. Ne6 Ka2 58. Nd4 Bd3
59. Nxb5 Kb3 60. Nd4+ Ka2 61. Ne6 a3 62. bxa3 Kxa3 63. Kd2 Bf5 64. Kc3 Ka4 65.
Kd4 Kb5 66. Ke5 Bb1 67. Kf6 Kc6 68. Nf8 1-0

[Event "X Festival A"]
[Site "Campobasso ITA"]
[Date "2003.07.13"]
[Round "6"]
[White "Mihalinec, Damir"]
[Black "Ficco, Corrado"]
[Result "1-0"]
[WhiteElo "2207"]
[BlackElo "2098"]
[PlyCount "101"]
[EventDate "2003.07.11"]

1. e4 e5 2. Nf3 Nf6 3. Nxe5 d6 4. Nf3 Nxe4 5. d4 d5 6. Bd3 Nc6 7. O-O Bg4 8. c3
Be7 9. Re1 f5 10. h3 Bh5 11. Nbd2 O-O 12. Qb3 Na5 13. Qa4 Nc6 14. Bb5 Nxd2 15.
Bxd2 Bxf3 16. gxf3 Rf6 17. Kh1 Rg6 18. Rg1 Qd6 19. Rae1 Bh4 20. Re2 Rxg1+ 21.
Kxg1 Rf8 22. Bxc6 bxc6 23. Qxa7 Qg6+ 24. Kf1 Qh5 25. Qxc7 Qxf3 26. Qh2 Qd3 27.
Bf4 g5 28. Qg2 h6 29. Be5 Rf7 30. Ke1 Qb1+ 31. Kd2 Qxb2+ 32. Kd3 Qb5+ 33. Kd2
Ra7 34. Ke3 Ra3 35. Rc2 Qc4 36. Kd2 Rxa2 37. Qf3 Rxc2+ 38. Kxc2 Qa2+ 39. Kd3
Qxf2 40. Qh5 Kf8 41. Bd6+ Kg7 42. Be5+ Kf8 43. Qxh6+ Ke7 44. Qf6+ Kd7 45. Qd6+
Ke8 46. Qxc6+ Kf8 47. Qf6+ Ke8 48. Qe6+ Kf8 49. Bd6+ Kg7 50. Qe7+ Kg6 51. Qe8+
1-0

[Event "X Festival A"]
[Site "Campobasso ITA"]
[Date "2003.07.13"]
[Round "6"]
[White "Mishin, Alexei"]
[Black "Collutiis, Duilio"]
[Result "1/2-1/2"]
[WhiteElo "2341"]
[BlackElo "2409"]
[PlyCount "77"]
[EventDate "2003.07.11"]

1. d4 Nf6 2. c4 c5 3. d5 b5 4. cxb5 a6 5. Nc3 axb5 6. e4 b4 7. Nb5 d6 8. Bf4 g5
9. Be3 Bg7 10. Bd3 g4 11. Ne2 Nbd7 12. Ng3 Ne5 13. Be2 h5 14. f4 gxf3 15. gxf3
Qa5 16. Kf2 Bh6 17. Bxh6 Rxh6 18. Qd2 Rh8 19. h4 Rg8 20. a4 Bd7 21. Qf4 Rg6 22.
Nf1 O-O-O 23. Ne3 Rdg8 24. b3 Kb7 25. Rag1 Bxb5 26. Bxb5 c4 27. Bxc4 Qc5 28.
Be2 Rxg1 29. Rxg1 Rxg1 30. Kxg1 Qc1+ 31. Bf1 Nd3 32. Qg5 Qe1 33. Kh1 Nf2+ 34.
Kh2 Ka7 35. e5 Qd2 36. Ng2 N6g4+ 37. fxg4 Nxg4+ 38. Kh1 Nf2+ 39. Kh2 1/2-1/2

[Event "X Festival A"]
[Site "Campobasso ITA"]
[Date "2003.07.13"]
[Round "6"]
[White "Petruccioli, Antonio"]
[Black "Bighiu, Gheorghe"]
[Result "1-0"]
[WhiteElo "2076"]
[BlackElo "2126"]
[PlyCount "75"]
[EventDate "2003.07.11"]

1. e4 e5 2. Nf3 Nf6 3. Nxe5 d6 4. Nf3 Nxe4 5. d4 d5 6. c4 Bb4+ 7. Nbd2 O-O 8.
c5 Re8 9. Be2 Qe7 10. a3 Bxd2+ 11. Bxd2 b6 12. b4 Ba6 13. Ne5 Bxe2 14. Qxe2
Nxd2 15. Kxd2 f6 16. Qf3 c6 17. Nd3 Nd7 18. Rhe1 Qf7 19. Rxe8+ Rxe8 20. Re1 b5
21. Rxe8+ Qxe8 22. Qe3 Kf7 23. Nc1 Nf8 24. Nb3 Qxe3+ 25. fxe3 Ke6 26. g4 Ng6
27. Ke2 f5 28. Na5 Ne7 29. g5 Kd7 30. Kf3 Ng6 31. Kg3 Nh8 32. Kf4 g6 33. Ke5
Nf7+ 34. Kf6 Nd8 35. h4 Ne6 36. Nxc6 f4 37. Ne5+ Ke8 38. Kxe6 1-0

[Event "X Festival A"]
[Site "Campobasso ITA"]
[Date "2003.07.13"]
[Round "6"]
[White "Rossi, Aldo A."]
[Black "Stromboli, Ettore"]
[Result "0-1"]
[WhiteElo "1839"]
[BlackElo "2155"]
[PlyCount "66"]
[EventDate "2003.07.11"]

1. e4 e6 2. d3 d5 3. Nd2 c5 4. Ngf3 Nf6 5. g3 b6 6. Bg2 Bb7 7. exd5 exd5 8. O-O
Be7 9. c3 Nc6 10. Re1 O-O 11. Nf1 Qc7 12. Ne3 Rfe8 13. Nf5 Bf8 14. Bg5 Rxe1+
15. Qxe1 Re8 16. Qd2 Ng4 17. Ne3 Nxe3 18. Bxe3 Bd6 19. d4 Ne7 20. Re1 Bc8 21.
h3 Be6 22. Ng5 Nf5 23. Nxe6 fxe6 24. dxc5 bxc5 25. g4 Nh4 26. Bh1 Ng6 27. Bg5
Bf4 28. Bxf4 Nxf4 29. Qe3 Rf8 30. Bg2 Qf7 31. Rf1 d4 32. cxd4 cxd4 33. Qb3 d3
0-1